|
|
|
|
| LEADER |
00000nas a2200000 a 4500 |
| 001 |
ssj0012092 |
| 003 |
WaSeSS |
| 005 |
20200512172242.0 |
| 006 |
m d |
| 007 |
cr n |
| 008 |
991112c19879999azuqr pss o 0 a0eng c |
| 010 |
|
|
|a 2010219165
|z 2009235661
|
| 016 |
7 |
|
|a 996682961
|2 DE-101
|
| 016 |
7 |
|
|a 2514344-X
|2 DE-600
|
| 022 |
|
|
|a 2158-1371
|y 0894-8410
|
| 035 |
|
|
|a (WaSeSS)ssj0012092
|
| 037 |
|
|
|b Project MUSE, 2715 N. Charles St., Baltimore, MD 21218
|
| 040 |
|
|
|a UV$
|b eng
|c UV$
|d OCL
|d UV$
|d OCLCQ
|d EYM
|d HUL
|d DLC
|d GWDNB
|d DLC
|d OCLCQ
|d DLC
|d OCLCQ
|d OCLCF
|d OCLCQ
|d DEBBG
|d GILDS
|d OCLCO
|d AU@
|d VT2
|d OCL
|d WaSeSS
|
| 042 |
|
|
|a pcc
|a nsdp
|
| 043 |
|
|
|a n-ust--
|
| 050 |
1 |
4 |
|a F806
|
| 082 |
1 |
0 |
|a 979
|2 14
|
| 130 |
0 |
|
|a Journal of the Southwest (Online)
|
| 222 |
|
0 |
|a Journal of the Southwest
|b (Online)
|
| 245 |
1 |
0 |
|a Journal of the Southwest
|h [electronic resource].
|
| 260 |
|
|
|a Tucson :
|b University of Arizona Press, and the Southwest Center at the University of Arizona,
|c ©1987-
|
| 310 |
|
|
|a Quarterly
|
| 362 |
0 |
|
|a Vol. 29, no. 1 (spring 1987)-
|
| 500 |
|
|
|a Title from issue cover (JSTOR, viewed Sept. 2, 2009).
|
| 500 |
|
|
|a Published by: Southwest Center at the University of Arizona, summer 1996-
|
| 506 |
|
|
|a License restrictions may limit access.
|
| 538 |
|
|
|a Mode of access: World Wide Web.
|
| 550 |
|
|
|a Issued by: University of Arizona, Southwest Center.
|
| 588 |
|
|
|a Latest issue consulted: Vol. 47, no. 4 (winter 2005) (JSTOR, viewed Sept. 2, 2009).
|
| 650 |
|
7 |
|a Civilization.
|2 fast
|0 (OCoLC)fst00862898
|
| 651 |
|
0 |
|a Southwest, New
|x Civilization
|v Periodicals.
|
| 651 |
|
0 |
|a Southwest, New
|v Periodicals.
|
| 651 |
|
7 |
|a New Southwest.
|2 fast
|0 (OCoLC)fst01244556
|
| 655 |
|
0 |
|a Electronic journals.
|
| 710 |
2 |
|
|a University of Arizona.
|b Southwest Center.
|
| 776 |
0 |
8 |
|i Print version:
|t Journal of the Southwest
|x 0894-8410
|w (DLC) 87643843
|w (OCoLC)15876763
|
| 780 |
0 |
0 |
|t Arizona and the West
|x 2327-1205
|w (DLC) 2009235652
|w (OCoLC)435607140
|
| 856 |
4 |
0 |
|z Full text available from Research Library: 04/01/2004 to 04/30/2016
|u https://search.proquest.com/publication/41479
|